000 00495nam a22001937a 4500
003 MPLRDC
005 20220104124737.0
008 210129b ||||| |||| 00| 0 eng d
020 _a957-9525-11-0
082 _a857.61 ZSS v.5
100 _a郑树森编
245 _a现代中国小说选. 五
_c
250 _a初版
260 _a
_b洪范书店有限公司
_c1989
300 _b
490 _a洪范文学丛书. 196
650 _a短篇小说--总集
942 _cBK
_o857.61 ZSS v.5
999 _c21794
_d21784